ბათუმის შოთა რუსთაველის სახელმწიფო უნივერსიტეტის ბიბლიოთეკა

მეთოდური მითითებები საკურსო პროექტის შესასრულებლად სამშენებლო კონსტრუქციებში / (ბიბ.ჩანაწერი № 39712)

000 -ლიდერი
ფიქსირებული სიგრძის საკონტროლო ველი 01502nam a2200253Ia 4500
001 - საკონტროლო ნომერი
საკონტროლო ველი 6317
003 - საკონტროლო ნომრის იდენტიფიკატორი
საკონტროლო ველი GE_BSU
005 - ბოლო ოპერაციის თარიღი და დრო
საკონტროლო ველი 20190502162643.0
008 - ფიქსირებული სიგრძის მონაცემთა ელემენტები - ზოგადი ინფორმაცია
ფიქსირებული სიგრძის საკონტროლო ველი 181216s1977||||ge |||||||||||||| ||geo||
040 ## - კატალოგიზაციის წყარო
Transcribing agency GE_BSU
041 ## - ენის კოდი
Language code of text/sound track or separate title geo
080 ## - უნივერსალური ათობითი კლასიფიკაციის ინდექსი
Universal Decimal Classification number 624.01/04(072) კ-22
100 ## - მთავარი ჩანაწერი - პიროვნების სახელი
Personal name კანდელაკი, მ.
9 (RLIN) 663
245 ## - ცნობა სათაურის შესახებ
Title მეთოდური მითითებები საკურსო პროექტის შესასრულებლად სამშენებლო კონსტრუქციებში /
Statement of responsibility, etc მ. კანდელაკი, ვ. ჯავახიშვილი, დ. სამადაშვილი ; რედ. ე.კირვალიძე.
264 ## - წარმოების, გამოცემის, დისტრიბუციის და სხვა ცნობები
გამოცემის, წარმოების, დისტრიბუციის... ადგილი თბილისი :
გამოცემის, წარმოების, დისტრიბუციის... სახელწოდება სპი,
გამოცემის, წარმოების, დისტრიბუციის... თარიღი 1977.
300 ## - ფიზიკური აღწერა
Extent 84 გვ.:
Other physical details ნახაზები, დანართები ;
Dimensions 20 სმ.
504 ## - BIBLIOGRAPHY, ETC. NOTE
Bibliography, etc ბიბლიოგრ. : გვ.82.
653 ## - INDEX TERM--UNCONTROLLED
Uncontrolled term მეთოდური მითითებები საკურსო პროექტის შესასრულებლად სამშენებლო კონსტრუქციებში
653 ## - INDEX TERM--UNCONTROLLED
Uncontrolled term სამშენებლო კონსტრუქციები
700 ## - ADDED ENTRY--PERSONAL NAME
Personal name ჯავახიშვილი, ვ.
Relator term ავტორი
9 (RLIN) 594
700 ## - ADDED ENTRY--PERSONAL NAME
Personal name სამადაშვილი, დ.
Relator term ავტორი
9 (RLIN) 664
700 ## - ADDED ENTRY--PERSONAL NAME
Personal name კირვალიძე, ე.
Relator term ავტორი
9 (RLIN) 492
942 ## - ADDED ENTRY ELEMENTS (KOHA)
Koha item type წიგნი
Source of classification or shelving scheme
ეგზემპლარები
ჩამოწერის სტატუსი დაკარგული ეგზემპლარის სტატუსი კლასიფიკაციის წყარო ან თაროზე გაწყობის სქემა დაზიანების სტატუსი არ გაიცემა მუდმივი მდებარეობა (დაცვის ადგილი) ამჟამინდელი ადგილსამყოფელი შეძენის თარიღი ღირებულება, შესყიდვის ნორმალური ფასი სრული შენახვის შიფრი შტრიხკოდი ბოლო ოპერაციის თარიღი ეგზემპლარის მიმდევრობითი ნომერი (კეტერი?) ფასის ძალაში შესვლის თარიღი ეგზემპლარის სახეობა საჯარო შენიშვნა თაროზე განთავსების ადგილი
          ტექნოლოგიური ფაკულტეტის ბიბლიოთეკა ტექნოლოგიური ფაკულტეტის ბიბლიოთეკა 2018-12-17 1.00 624.01/04(072) კ-22 11614 2018-12-17 11614 2018-12-17 წიგნი 1.00 ლ.  
          ტექნოლოგიური ფაკულტეტის ბიბლიოთეკა ტექნოლოგიური ფაკულტეტის ბიბლიოთეკა 2018-12-17 1.00 624.01/04(072) კ-22 11615 2018-12-17 11615 2018-12-17 წიგნი 1.00 ლ. წიგნსაცავი
          ტექნოლოგიური ფაკულტეტის ბიბლიოთეკა ტექნოლოგიური ფაკულტეტის ბიბლიოთეკა 2018-12-17 1.00 624.01/04(072) კ-22 11616 2018-12-17 11616 2018-12-17 წიგნი 1.00 ლ. წიგნსაცავი